Organizational Behaviour (Record no. 75354)
[ view plain ]
| 000 -LEADER | |
|---|---|
| fixed length control field | 00464nam a2200181Ia 4500 |
| 005 - DATE AND TIME OF LATEST TRANSACTION | |
| control field | 20230208153709.0 |
| 008 - FIXED-LENGTH DATA ELEMENTS--GENERAL INFORMATION | |
| fixed length control field | 221007s9999 xx 000 0 und d |
| 041 ## - LANGUAGE CODE | |
| Language code of text/sound track or separate title | eng |
| 082 ## - DEWEY DECIMAL CLASSIFICATION NUMBER | |
| Classification number | 302.35 |
| Item number | BHA |
| 100 ## - MAIN ENTRY--PERSONAL NAME | |
| Author | Bhalakrishnan H & Sethumadhavan R |
| 245 ## - TITLE STATEMENT | |
| Title | Organizational Behaviour |
| 250 ## - EDITION STATEMENT | |
| Edition statement | Ed.2nd |
| 260 ## - PUBLICATION, DISTRIBUTION, ETC. | |
| Date of publication, distribution, etc. | 2015 |
| Name of publisher, distributor, etc. | Scitech Publishers Pvt. Ltd |
| Place of publication, distribution, etc. | Chennai |
| 500 ## - GENERAL NOTE | |
| Keywords | OB |
| 650 ## - SUBJECT ADDED ENTRY--TOPICAL TERM | |
| Topical term or geographic name entry element | OB |
| 942 ## - ADDED ENTRY ELEMENTS (KOHA) | |
| Koha item type | Books |
| 906 ## - LOCAL DATA ELEMENT F, LDF (RLIN) | |
| a | 100.75 |
| b | General |
| Withdrawn status | Lost status | Damaged status | Not for loan | Home library | Current library | Date acquired | Vendor | Net Price | Bill number | Total Checkouts | Total Renewals | Full call number | Barcode | Date last seen | Date last checked out | Actual Price | Bill Date | Koha item type | Original Barcode |
|---|---|---|---|---|---|---|---|---|---|---|---|---|---|---|---|---|---|---|---|
| Smt. Hiraben Nanavati Institute of Management & Research for Women | Smt. Hiraben Nanavati Institute of Management & Research for Women | 08/11/2016 | Suyog Enterprises | 325.00 | SE/SI/3471 | 3 | 2 | 302.35 BHA B14303 | HIMR-BK-14303 | 04/10/2023 | 27/09/2023 | 224.25 | 25/10/2016 | Books | B14303 |